| 000 | 00382nam a2200157Ia 4500 | ||
|---|---|---|---|
| 008 | 230917s9999||||xx |||||||||||||| ||und|| | ||
| 040 |
_e111094 _aMAIN |
||
| 041 | _aEnglish | ||
| 082 | _a512.5 H674L | ||
| 100 | _aHaffman,Kenneth | ||
| 245 | 0 | _aLinear algebra | |
| 250 | _a2nd ed. | ||
| 260 |
_aNew Delhi _bPearson Prentice-Hall _c2006 |
||
| 300 | _aviii p. ; 407 | ||
| 942 | _cBK | ||
| 999 |
_c136052 _d136052 |
||